| 000 | 00732nam a2200253 i 4500 | ||
|---|---|---|---|
| 001 | 106067 | ||
| 003 | ES-MaACL | ||
| 007 | t| | ||
| 008 | 060925s1978 sp ||||1| spa d | ||
| 020 | _a84-7367-062-0 | ||
| 080 | _a929 Gramsci, Antonio:141.82 | ||
| 080 | _a141.82:92 Gramsci, Antonio | ||
| 100 | 1 |
_aAnderson, Perry. _921462 |
|
| 245 | 1 | 4 |
_aLas antinomias de Antonio Gramsci / _cPerry Anderson. |
| 250 | _a1ยช ed. | ||
| 260 |
_aBarcelona : _bFontamara, _c1978. |
||
| 300 |
_a140 p. ; _c19 cm. |
||
| 490 | 1 | _aArgumentos | |
| 500 | _aBiblioteca Juan Andrade. | ||
| 600 | 1 | 4 |
_aGramsci, Antonio, _d1891-1937 _9241506 |
| 830 | 0 |
_aArgumentos _9178418 |
|
| 852 |
_aES-MaACL _jAND-724 _bR.110020 |
||
| 999 |
_c106067 _d106067 |
||